MARC보기
LDR00000nam c2200205 k 4500
001000000341215
00520260408144633
007ta
008260407s2024 ulkad r 001a kor
020 ▼a 9791194219118 ▼g 93510 : ▼c \47000
040 ▼a 248032 ▼c 248032 ▼d 248032
0411 ▼a kor ▼h eng
0490 ▼l EM111816 ▼l EM111817 ▼c 2
056 ▼a 512.12 ▼2 4
090 ▼a 512.12 ▼b 자48ㄱ9
24520 ▼a 건강사정 / ▼d Carolyn Jarvis, ▼e Ann Eckhardt ; ▼e 임경춘, ▼e 고하나, ▼e 권영은, ▼e 김성렬, ▼e 김정아, ▼e 김주성, ▼e 김지혜, ▼e 김진실, ▼e 민신홍, ▼e 박미성, ▼e 박연자, ▼e 백설향, ▼e 성지아, ▼e 송소현, ▼e 신나미, ▼e 오지현, ▼e 윤숙례, ▼e 장희정, ▼e 정경화, ▼e 조주연, ▼e 최정, ▼e 최희정 공역
24619 ▼a Physical Examination & Health Assessment
250 ▼a 9판 [원서 9판]
260 ▼a 서울 : ▼b 학지사메디컬, ▼c 2024
300 ▼a xiii, 594 p. : ▼b 천연색삽화, 표 ; ▼c 29 cm
504 ▼a 참고문헌 및 색인(p. 585-594) 수록
546 ▼a 영어 원작을 한국어로 번역
653 ▼a 건강사정 ▼a 간호학 ▼a 간호
7001 ▼a 자비스, 캐롤린, ▼e 저
7001 ▼a 앤, 에크하르트, ▼e 공저
7001 ▼a 임경춘, ▼e 역
7001 ▼a 고하나, ▼e 공역
7001 ▼a 권영은, ▼e 공역
7001 ▼a 김성렬, ▼e 공역
7001 ▼a 김정아, ▼e 공역
7001 ▼a 김주성, ▼e 공역
7001 ▼a 김지혜, ▼e 공역
7001 ▼a 김진실, ▼e 공역
7001 ▼a 민신홍, ▼e 공역
7001 ▼a 박미성, ▼e 공역
7001 ▼a 박연자, ▼e 공역
7001 ▼a 백설향, ▼e 공역
7001 ▼a 성지아, ▼e 공역
7001 ▼a 송소현, ▼e 공역
7001 ▼a 신나미, ▼e 공역
7001 ▼a 오지현, ▼e 공역
7001 ▼a 윤숙례, ▼e 공역
7001 ▼a 장희정, ▼e 공역
7001 ▼a 정경화, ▼e 공역
7001 ▼a 조주연, ▼e 공역
7001 ▼a 최정, ▼e 공역
7001 ▼a 최희정, ▼e 공역
90011 ▼a Jarvis, Carolyn
9500 ▼b \47000
990 ▼a 관리자2 ▼b 관리자2